Disney Sidekicks - Statistics

General Stats
  • This quiz has been taken 47 times
  • The average score is 16 of 21
Answer Stats
Picture Answer % Correct
Genie
100%
Dory
92%
Jiminy Cricket
92%
Olaf
90%
Piglet
90%
Tinkerbell
90%
Abu
87%
Baymax
85%
Flounder
85%
Baloo
82%
Pascal
82%
Lumier
77%
Mushu
77%
Pumbaa
77%
Thumper
77%
Hei Hei
74%
White Rabbit
74%
Gus Gus
64%
Louis
44%
Timothy Q. Mouse
44%
Terk
38%
No matching quizzes found
Score Distribution
Percent of People with Each Score
Percentile by Number Answered
Your Score History
You have not taken this quiz